Computational Fluid Mechanics and Heat Transfer, 3rd Ed (Record no. 328186)
[ view plain ]
| 000 -LEADER | |
|---|---|
| fixed length control field | 00379 a2200145 4500 |
| 001 - CONTROL NUMBER | |
| control field | 93113 |
| 020 ## - INTERNATIONAL STANDARD BOOK NUMBER | |
| International Standard Book Number | 978-1-4665-7830-2 |
| 090 ## - LOCALLY ASSIGNED LC-TYPE CALL NUMBER (OCLC); LOCAL CALL NUMBER (RLIN) | |
| -- | 44711 |
| -- | 44712 |
| 100 ## - MAIN ENTRY--PERSONAL NAME | |
| Personal name | Pletcher, Richard H. |
| 245 ## - TITLE STATEMENT | |
| Title | Computational Fluid Mechanics and Heat Transfer, 3rd Ed |
| 250 ## - EDITION STATEMENT | |
| Edition statement | 3rd |
| 260 ## - PUBLICATION, DISTRIBUTION, ETC. | |
| Place of publication, distribution, etc. | New York |
| Name of publisher, distributor, etc. | CRC Press |
| Date of publication, distribution, etc. | 2013 |
| 300 ## - PHYSICAL DESCRIPTION | |
| Extent | xx,740p. |
| 500 ## - GENERAL NOTE | |
| General note | MS textbook Aerospace |
| 942 ## - ADDED ENTRY ELEMENTS (KOHA) | |
| Institution code [OBSOLETE] | CAE NUST |
| Koha item type | |
| Call number prefix | 532/AND |
| Withdrawn status | Lost status | Damaged status | Not for loan | Collection code | Permanent Location | Current Location | Date acquired | Total Checkouts | Full call number | Barcode | Date last seen | Price effective from | Koha item type |
|---|---|---|---|---|---|---|---|---|---|---|---|---|---|
| College of Aeronautical Engineering (CAE) | College of Aeronautical Engineering (CAE) | 04/03/2017 | 532/AND | CAE88985 | 04/05/2017 | 04/05/2017 | Book | ||||||
| College of Aeronautical Engineering (CAE) | College of Aeronautical Engineering (CAE) | 04/03/2017 | 532/AND | CAE88987 | 04/05/2017 | 04/05/2017 | Book | ||||||
| College of Aeronautical Engineering (CAE) | College of Aeronautical Engineering (CAE) | 04/03/2017 | 532/AND | CAE88986 | 04/05/2017 | 04/05/2017 | Book |
